Ekonomické problémy řízení

Bibliographic Details
Main Author: Fárka, Josef (Author)
Format: Article
Language:Czech

MARC

LEADER 00000nab a2200000uu 4500
001 vtls011448360
003 SK-MaSNL
005 20260303151343.0
008 230222|1976 xo |||||||||||||||||cze|
015 |a SNBRB 
035 |a (urnnbn)urn:nbn:sk:snk:ar-0074id 
035 |a (uuid)25b3b210-df1b-4fc2-a8c9-cf5f3ac11037 
035 |a urn:nbn:sk:snk-abcl0v 
040 |a SNKBUCL  |b slo  |c SNKBUCL  |e AACR2 
041 0 |a cze 
044 |a xo  |c SK 
100 1 |a Fárka, Josef  |4 aut  |9 1170832 
245 1 0 |a Ekonomické problémy řízení  |c Josef Fárka 
773 0 |t Technická práca : časopis Ústřední rady Čs. vědecko-technické společnosti  |g Roč. 28, č. 6 (1976), s. 65-67 
958 |a OND 
958 |a EUIPO 
958 |a article16 
999 |c 2017255  |d 2019185